Statistics for Famous Annes

Click here to take the quiz!

General Stats

  • This quiz has been taken 211 times
  • The average score is 9 of 18

Answer Stats

HintAnswer% Correct
WWII attic diaristAnne Frank
96%
Beheaded wife of Henry VIIIAnne Boleyn
91%
"The Princess Diaries" actress
or Shakespeare's wife
Anne Hathaway
87%
Novelist sister of Emily
and Charlotte
Anne Brontë
78%
Leo Tolstoy novelAnna Karenina
67%
Former Eurythmics lead singerAnnie Lennox
64%
Western female sharpshooterAnnie Oakley
52%
Woody Allen movieAnnie Hall
49%
Playmate who married a billionaireAnna Nicole Smith
42%
"Pitch Perfect" lead actressAnna Kendrick
40%
Warren Beatty's wifeAnnette Bening
33%
Most famous tennis player to have
never won a single title
Anna Kournikova
31%
Vogue's editor-in-chief since 1988Anna Wintour
31%
"Interview with the Vampire" authorAnne Rice
31%
11-years-old Oscar-winner and
"True Blood" actress
Anna Paquin
27%
Anne of Green GablesAnne Shirley
17%
Newspaper advice columnist,
birth name Eppie Lederer
Ann Landers
17%
"Antinomian Controversy" hereticAnne Hutchinson
2%

Score Distribution

Percentile by Number Answered

Percent of People with Each Score

Your Score History

You have not taken this quiz